Statystyki dla Najwyższe szczyty Pienin

Kliknij tutaj aby rozwiązać quiz!

Ogólne statystyki

  • Ten quiz został rozwiązany 20 razy
  • Średni wynik to 2 z 9

Statystyki odpowiedzi

L.p.SzczytWysokość% Poprawnych
3Trzy Korony982
100%
1Wysoka1050
83%
6Durbaszka942
11%
9Wysoki Wierch899
11%
8Nowa Góra902
6%
5Watrisko960
6%
7Borsuczyny939
0%
2Smerkowa1013
0%
4Wierchliczka964
0%

Rozkład punktacji

Percentyl według liczby udzielonych odpowiedzi

Procent ludzi z każdym wynikiem

Twoja historia wyników

Nie rozwiązałeś tego quizu